000 00497pab a2200181 454500
008 180718b2014 xxu||||| |||| 00| 0 eng d
100 _aTripathi, Tulika
245 _aAccess to public health services: A disaggregated analysis of Uttar Pradesh
260 _c2014
300 _ap.257-284.
362 _aAug
650 _aHealth services -- India - Uttar pradesh
650 _aHealth services
700 _aMishra, Nripendra Kishore
773 _aMargin
908 _aN
909 _a106164
999 _c106159
_d106159